000 02005nam a22003257a 4500
005 20100805143924.0
010 _aENG-98203 B-426591-595
020 _a9788189012670
_c500.00
035 _aEN-81736 B-426591-595
037 _bDBAD/PUB
037 _bAllied Pub/Ven
082 _a658.15
100 _aTandon, Ramanjit
_927503
245 _aFinancial management :
_b(strictly on the basic of prescribed syllabus with modern trends) /
260 _aNew Delhi
_bGnosis
_c2009
270 _aE-35/103, Jawahar Park, Laxmi Nagar
_bNew Delhi
_e110092
300 x _ax, 215p.
_c24cm (Hb)
500 _aIncludes bibligraphical references and index
650 _aCorporations-finance
_927504
650 _aManagerial accounting
_927505
650 _aBussiness enterprises-finance
_927506
942 _2ddc
_cEN
_h658.15
_mTAN
999 _c39485
_d39485